[Event "FIDE TURNIR 2013"]
[Site "Ljubljana"]
[Date "2013.05.15"]
[Round "5.1"]
[White "Bratkovic, Jakob"]
[Black "Sajn, Simon"]
[Result "1-0"]
[WhiteElo "1949"]
[BlackElo "2045"]
[PlyCount "107"]
[EventDate "2013.05.15"]

1. e4 c5 2. Nf3 d6 3. d4 cxd4 4. Nxd4 Nf6 5. Nc3 Nc6 6. Bc4 e6 7. O-O Be7 8.
Be3 O-O 9. Kh1 Qc7 10. Be2 a6 11. f4 b5 12. Nxc6 Qxc6 13. Bf3 e5 14. Nd5 Bd8
15. Nxf6+ Bxf6 16. Qd3 Be6 17. Rfd1 Rad8 18. f5 Bc8 19. c4 Qxc4 20. Qxc4 bxc4
21. Rac1 d5 22. Bb6 Rd7 23. exd5 Rb7 24. Bc5 Rd8 25. Be4 Rxb2 26. a4 a5 27.
Rxc4 Ba6 28. Rcc1 Be2 29. Re1 Bg5 30. Rb1 Rdb8 31. Rxb2 Rxb2 32. g3 g6 33. fxg6
hxg6 34. d6 Bd8 35. Be3 Bg4 36. Bc6 Rc2 37. Bd5 Kg7 38. Rf1 f6 39. Rb1 Bc8 40.
Rb8 f5 41. d7 Bxd7 42. Rxd8 Bxa4 43. Bb6 Rc1+ 44. Kg2 Rc2+ 45. Kf3 Rxh2 46.
Bxa5 Bd1+ 47. Ke3 f4+ 48. gxf4 exf4+ 49. Kxf4 Rf2+ 50. Kg3 Rf5 51. Bc3+ Kh6 52.
Be4 Rc5 53. Bf6 Rc7 54. Rxd1 1-0

[Event "FIDE TURNIR 2013"]
[Site "Ljubljana"]
[Date "2013.05.15"]
[Round "5.2"]
[White "Drobnic, Milan"]
[Black "Bratkovic, Sham"]
[Result "0-1"]
[WhiteElo "1789"]
[BlackElo "1956"]
[PlyCount "68"]
[EventDate "2013.05.15"]

1. d4 d5 2. c4 c6 3. Nf3 e6 4. Nc3 Nf6 5. Bg5 Nbd7 6. e3 Qa5 7. Bxf6 Nxf6 8.
Nd2 Bb4 9. Qc2 O-O 10. Bd3 dxc4 11. Nxc4 Qg5 12. O-O-O c5 13. Ne4 Nxe4 14. Bxe4
f5 15. h4 Qe7 16. Bf3 cxd4 17. exd4 Bd7 18. Qb3 Rac8 19. Kb1 b5 20. Ne5 a5 21.
d5 a4 22. Qd3 Rfd8 23. dxe6 Be8 24. Nd7 a3 25. Qb3 axb2 26. Nb6 Rc3 27. Nd5
Rxd5 28. Qxd5 Ba3 29. Qd4 Qc7 30. Qd2 Qc5 31. e7 Qb4 32. Bd5+ Kh8 33. Bb3 Rc1+
34. Rxc1 bxc1=Q+ 0-1

[Event "FIDE TURNIR 2013"]
[Site "Ljubljana"]
[Date "2013.05.15"]
[Round "5.3"]
[White "Susa, Maks"]
[Black "Unuk, Robert"]
[Result "1/2-1/2"]
[WhiteElo "1376"]
[BlackElo "1458"]
[PlyCount "64"]
[EventDate "2013.05.15"]

1. e4 c5 2. Nc3 g6 3. g3 Bg7 4. Bg2 Nc6 5. d3 Nf6 6. f4 d6 7. Be3 Ng4 8. Bd2 a6
9. h3 Nf6 10. Nf3 Qc7 11. O-O b5 12. e5 dxe5 13. Nxe5 Bb7 14. Qf3 Nd8 15. Qe2
Bxg2 16. Qxg2 Qb7 17. Qxb7 Nxb7 18. Rae1 e6 19. Be3 Rc8 20. Rd1 Nd7 21. d4 cxd4
22. Bxd4 Nxe5 23. Bxe5 Bxe5 24. fxe5 Ke7 25. Rd2 Rhd8 26. Rfd1 Rxd2 27. Rxd2
Rd8 28. Rxd8 Nxd8 29. Ne4 Nc6 30. Nc5 a5 31. Nd3 b4 32. Kf2 Nd4 1/2-1/2

[Event "FIDE TURNIR 2013"]
[Site "Ljubljana"]
[Date "2013.05.28"]
[Round "5.5"]
[White "More, Erlend"]
[Black "Novak, Anze"]
[Result "1/2-1/2"]
[WhiteElo "1646"]
[BlackElo "1500"]
[PlyCount "57"]
[EventDate "2013.05.15"]

1. d4 Nf6 2. Nf3 d5 3. c4 c6 4. Nc3 Bf5 5. Bg5 Nbd7 6. e3 h6 7. Bf4 e6 8. cxd5
exd5 9. Bd3 Bxd3 10. Qxd3 Bb4 11. O-O Ba5 12. a3 Bc7 13. Bxc7 Qxc7 14. e4 dxe4
15. Nxe4 O-O 16. Rfe1 Rfe8 17. Nc3 Rxe1+ 18. Rxe1 Re8 19. Rxe8+ Nxe8 20. b4
Nef6 21. h3 b5 22. Qe3 Qd6 23. Ne5 Nd5 24. Nxd5 Qxd5 25. Nxd7 Qxd7 26. Qe5 a6
27. f3 f6 28. Qc5 Qe6 29. Qc3 1/2-1/2

[Event "FIDE TURNIR 2013"]
[Site "Ljubljana"]
[Date "2013.05.15"]
[Round "5.6"]
[White "Jelen, Miha"]
[Black "Milicevic, David"]
[Result "1-0"]
[WhiteElo "1544"]
[BlackElo "1660"]
[PlyCount "71"]
[EventDate "2013.05.15"]

1. e4 c6 2. d4 d5 3. Nc3 dxe4 4. Nxe4 Bf5 5. Ng3 Bg6 6. h4 h6 7. h5 Bh7 8. Nf3
Nf6 9. Bd3 Bxd3 10. Qxd3 e6 11. Be3 Nbd7 12. O-O-O Bd6 13. Rde1 Bxg3 14. fxg3
Nd5 15. Bd2 N7f6 16. Ne5 Qe7 17. g4 Nd7 18. Rhf1 Nxe5 19. Rxe5 a5 20. g5 hxg5
21. Rxg5 Qf8 22. Re5 Kd7 23. c4 Nf6 24. Qb3 Kc8 25. Rxa5 Rxa5 26. Bxa5 Rxh5 27.
Qb6 Qe7 28. Rf3 Rf5 29. Rb3 Rf1+ 30. Kc2 Rf2+ 31. Kd1 Ne4 32. Qa7 Nd6 33. Qa8+
Kd7 34. Rxb7+ Nxb7 35. Qxb7+ Kd6 36. Bb4+ 1-0

[Event "FIDE TURNIR 2013"]
[Site "Ljubljana"]
[Date "2013.05.15"]
[Round "5.7"]
[White "Siraj, Anej"]
[Black "Trcek, Alojzij"]
[Result "0-1"]
[WhiteElo "1460"]
[BlackElo "1657"]
[PlyCount "52"]
[EventDate "2013.05.15"]

1. e4 c5 2. Nf3 Nc6 3. d4 e6 4. Nc3 cxd4 5. Nxd4 Be7 6. Be3 Bf6 7. Bb5 Nge7 8.
O-O a6 9. Bxc6 dxc6 10. Qd2 O-O 11. Qe2 Bxd4 12. Rad1 e5 13. Na4 Qa5 14. Bxd4
exd4 15. b3 b5 16. Nc5 Qc3 17. Qh5 f5 18. Nd3 fxe4 19. Ne5 Be6 20. Qg5 Nd5 21.
Ng4 Bxg4 22. Qxg4 Rae8 23. Qe2 Nf4 24. Qg4 Qxc2 25. Rxd4 Ne2+ 26. Kh1 Nxd4 0-1

[Event "FIDE TURNIR 2013"]
[Site "Ljubljana"]
[Date "2013.05.15"]
[Round "5.8"]
[White "Ocepek, Jan"]
[Black "Pridigar, Lovro"]
[Result "0-1"]
[WhiteElo "1500"]
[BlackElo "1558"]
[PlyCount "94"]
[EventDate "2013.05.15"]

1. e4 c5 2. Nf3 d6 3. d4 cxd4 4. Nxd4 Nf6 5. Nc3 a6 6. Bg5 e5 7. Nf3 h6 8. Bh4
Be6 9. Bd3 Be7 10. O-O Nbd7 11. Qd2 O-O 12. h3 b5 13. a3 Rc8 14. Rac1 Nc5 15.
Rfe1 Nfxe4 16. Nxe4 Bxh4 17. Nxh4 Nxe4 18. Rxe4 f5 19. Rb4 a5 20. Rxb5 Qxh4 21.
Rxa5 e4 22. Qe3 d5 23. Be2 f4 24. Qb3 Rf6 25. Rxd5 e3 26. Rf1 Rg6 27. Kh2 Rxg2+
28. Kxg2 Qxh3+ 29. Kg1 exf2+ 30. Rxf2 Qxb3 31. cxb3 Bxd5 32. Rxf4 Rc1+ 33. Rf1
Rxf1+ 34. Kxf1 Bxb3 35. Bd3 g5 36. Bg6 Kg7 37. Bh5 Kf6 38. Kf2 Kf5 39. Kf3 Bd1+
40. Kg3 Bxh5 41. a4 Be8 42. a5 h5 43. a6 Bc6 44. b4 h4+ 45. Kf2 Kf4 46. a7 Bb7
47. Kg1 g4 0-1

[Event "FIDE TURNIR 2013"]
[Site "Ljubljana"]
[Date "2013.05.15"]
[Round "5.9"]
[White "Markosek, Maj"]
[Black "Cop, Jaka"]
[Result "0-1"]
[WhiteElo "1656"]
[BlackElo "1703"]
[PlyCount "80"]
[EventDate "2013.05.15"]

1. e4 c5 2. Nf3 Nc6 3. Bb5 d6 4. O-O Bd7 5. Re1 g6 6. c3 Bg7 7. h3 e6 8. a4
Nge7 9. Bf1 O-O 10. d4 cxd4 11. cxd4 Qb6 12. e5 Nf5 13. Re4 d5 14. Rg4 h5 15.
Rf4 Kh7 16. Ng5+ Kg8 17. a5 Nxa5 18. g4 Bh6 19. gxf5 Bxg5 20. f6 Nb3 21. Rg4
Bxc1 22. Rh4 Rfc8 23. Ra3 Bg5 24. Rxh5 Qxd4 25. Qxd4 Nxd4 26. Rxg5 Rc1 27. Nd2
Rc2 28. Rd3 Rxd2 29. Rxd2 Nf3+ 30. Kg2 Nxd2 31. Bd3 Ba4 32. h4 Bd1 33. Bxg6
fxg6 34. Rxg6+ Kh7 35. Rg7+ Kh6 36. Rxb7 Rg8+ 37. Kh3 Be2 38. h5 Bf1+ 39. Kh2
Nf3+ 40. Kh1 Bg2# 0-1

[Event "FIDE TURNIR 2013"]
[Site "Ljubljana"]
[Date "2013.05.15"]
[Round "5.10"]
[White "Krejic, Nik"]
[Black "Straze, Matija"]
[Result "0-1"]
[WhiteElo "1603"]
[BlackElo "1588"]
[PlyCount "50"]
[EventDate "2013.05.15"]

1. d4 d6 2. c4 Nf6 3. Nc3 Nbd7 4. Nf3 g6 5. g3 Bg7 6. Bg2 O-O 7. O-O e5 8. d5
Nh5 9. e4 f5 10. b4 f4 11. Ba3 g5 12. Bh3 h6 13. c5 Ndf6 14. Bxc8 Qxc8 15. Kg2
g4 16. Nh4 f3+ 17. Kg1 Qd7 18. Nf5 Nxe4 19. Nxh6+ Bxh6 20. Nxe4 Nf6 21. Qd3 Qf7
22. Rfd1 Nxe4 23. Qxe4 Qh5 24. Rd3 Qh3 25. Qg6+ Kh8 0-1

[Event "FIDE TURNIR 2013"]
[Site "Ljubljana"]
[Date "2013.05.15"]
[Round "5.11"]
[White "Unuk, Jan"]
[Black "Kovacic, Marko"]
[Result "1-0"]
[WhiteElo "1573"]
[BlackElo "1612"]
[PlyCount "91"]
[EventDate "2013.05.15"]

1. d4 d5 2. c4 dxc4 3. e4 e6 4. Bxc4 a6 5. Nc3 b5 6. Bb3 Bb7 7. f3 Bb4 8. Nge2
Qh4+ 9. Ng3 Ne7 10. O-O O-O 11. a3 Ba5 12. Be3 Rd8 13. Qc1 h6 14. Nce2 Ng6 15.
f4 Ne7 16. Qc2 Nec6 17. d5 exd5 18. Bxd5 Bb6 19. Bxb6 cxb6 20. Nf5 Qf6 21. e5
Qg6 22. Be4 Qe6 23. Nd6 Ra7 24. Rad1 Na5 25. Nxb7 Nxb7 26. Bxb7 Rf8 27. Bf3 Rc8
28. Qb1 Nd7 29. Bd5 Qe7 30. Kh1 a5 31. Nc3 Rc5 32. Ne4 Rc8 33. Nd6 Rf8 34. Bc6
Nb8 35. Bxb5 Na6 36. Bxa6 Rxa6 37. Qd3 Raa8 38. Nf5 Qe6 39. Nd4 Qa2 40. Qb3
Qxb3 41. Nxb3 Rac8 42. Rc1 Rb8 43. Rfd1 a4 44. Nd4 b5 45. Nc6 Kh7 46. Nxb8 1-0

[Event "FIDE TURNIR 2013"]
[Site "Ljubljana"]
[Date "2013.05.15"]
[Round "5.12"]
[White "Malkoc, Tilen"]
[Black "Piciga, Aleksander"]
[Result "0-1"]
[WhiteElo "1337"]
[BlackElo "1368"]
[PlyCount "118"]
[EventDate "2013.05.15"]

1. e4 e6 2. d4 d5 3. exd5 exd5 4. Nc3 c6 5. Nf3 Bd6 6. Bd3 Nf6 7. O-O O-O 8.
Bg5 Re8 9. Re1 Be6 10. Ne5 Be7 11. Bxf6 Bxf6 12. Re3 Nd7 13. f4 Qb6 14. Rb1 Kh8
15. Qh5 g6 16. Nxg6+ Kg7 17. Rg3 fxg6 18. f5 Bxd4+ 19. Kh1 Nf6 20. Qg5 Nh5 21.
Qxh5 Bxc3 22. fxg6 h6 23. Rf1 Bf6 24. Rgf3 Rf8 25. Bf5 Bxf5 26. Qxf5 Qd8 27.
Rg3 Bxb2 28. Qd3 Rxf1+ 29. Qxf1 Qf6 30. Qb1 Rf8 31. Rf3 Qe5 32. Rxf8 Kxf8 33.
Qf1+ Qf6 34. Qe1 Kg7 35. h3 Bc3 36. Qb1 b6 37. a4 Qe5 38. Qf1 Qe1 39. Qxe1 Bxe1
40. Kg1 Kxg6 41. Kf1 Bg3 42. Ke2 h5 43. Kf3 h4 44. Kg4 c5 45. c3 d4 46. cxd4
cxd4 47. Kf3 Kf5 48. Ke2 Ke4 49. Kd2 d3 50. a5 bxa5 51. Kd1 Ke3 52. Kc1 Ke2 53.
Kb2 d2 54. Kc3 d1=Q 55. Kc4 Bd6 56. Kb5 Qc2 57. Ka6 Qb3 58. Kxa5 Bc7+ 59. Ka6
Qb6# 0-1

[Event "FIDE TURNIR 2013"]
[Site "Ljubljana"]
[Date "2013.06.04"]
[Round "5.13"]
[White "Suljanovic, Zuhdija"]
[Black "Hrescak, Ivana"]
[Result "0-1"]
[WhiteElo "1926"]
[BlackElo "1786"]
[PlyCount "74"]
[EventDate "2013.05.15"]

1. e4 g6 2. d4 Bg7 3. Nf3 d6 4. Bd3 Nd7 5. Be3 e5 6. O-O Ne7 7. Qd2 O-O 8. Bh6
c6 9. c4 Qb6 10. Bxg7 Kxg7 11. dxe5 dxe5 12. Nc3 f6 13. Na4 Qc7 14. b4 Rd8 15.
Qe3 Nf8 16. Nh4 Ne6 17. Rad1 Nd4 18. Nc3 Qb6 19. a3 Bg4 20. f3 Be6 21. c5 Qc7
22. f4 exf4 23. Qe1 g5 24. Nf3 Nxf3+ 25. gxf3 Bh3 26. Rf2 Ng6 27. Bf1 Bxf1 28.
Kxf1 Ne5 29. Qe2 Rxd1+ 30. Qxd1 Rd8 31. Qc2 Qd7 32. Kg2 Qd3 33. Qb3 Qc4 34.
Qxc4 Nxc4 35. a4 Ne3+ 36. Kg1 Rd3 37. Ra2 Rd1+ 0-1

[Event "FIDE TURNIR 2013"]
[Site "Ljubljana"]
[Date "2013.06.08"]
[Round "5.14"]
[White "Cerne, Peter"]
[Black "Sivcevic, Nusret"]
[Result "0-1"]
[WhiteElo "1417"]
[BlackElo "1840"]
[PlyCount "36"]
[EventDate "2013.05.15"]

1. e4 e6 2. d4 b6 3. Nc3 Bb4 4. Bd3 Bb7 5. Nge2 c5 6. a3 cxd4 7. axb4 dxc3 8.
bxc3 h6 9. O-O Ne7 10. Kh1 Ng6 11. f4 O-O 12. Kg1 a6 13. c4 Qc7 14. Qe1 f5 15.
Ng3 b5 16. cxb5 axb5 17. Rxa8 Bxa8 18. Bxb5 Qb6+ 0-1

[Event "FIDE TURNIR 2013"]
[Site "Ljubljana"]
[Date "2013.05.25"]
[Round "5.15"]
[White "Subelj, Jan"]
[Black "Kamensek, Ivan"]
[Result "1-0"]
[WhiteElo "1503"]
[BlackElo "1725"]
[PlyCount "79"]
[EventDate "2013.05.15"]

1. e4 e5 2. Nf3 d6 3. Bc4 Nc6 4. d3 Be7 5. c3 Na5 6. Bb3 Nxb3 7. Qxb3 b6 8. O-O
h6 9. d4 Be6 10. Qc2 exd4 11. cxd4 Nf6 12. d5 Bg4 13. Nd4 O-O 14. f3 Bd7 15.
Be3 Nh7 16. Rc1 Rc8 17. Qd3 a5 18. Na3 Qe8 19. Nc6 Bxc6 20. Rxc6 Qd7 21. Rac1
Nf6 22. Nb5 Bd8 23. Qc2 Ne8 24. Bxb6 Rb8 25. Nxc7 Rxb6 26. Rxb6 Bxc7 27. Rb7
Qd8 28. Rxc7 Qb8 29. Rc8 Qb6+ 30. Qf2 Qb5 31. R8c6 f6 32. R1c4 Qb7 33. Qb6
Qxb6+ 34. Rxb6 Rf7 35. Rb8 Re7 36. Rcc8 Kf7 37. Rxe8 Rxe8 38. Rxe8 Kxe8 39. Kf2
Kd7 40. Ke3 1-0

[Event "FIDE TURNIR 2013"]
[Site "Ljubljana"]
[Date "2013.05.28"]
[Round "5.16"]
[White "Bojko, Filip"]
[Black "Drobnic, Simona"]
[Result "1-0"]
[WhiteElo "1509"]
[BlackElo "1347"]
[PlyCount "53"]
[EventDate "2013.05.15"]

1. e4 d6 2. d4 Nf6 3. Nc3 Nbd7 4. Bd3 e5 5. dxe5 Nxe5 6. Nge2 Be7 7. O-O O-O 8.
f4 Nxd3 9. Qxd3 b6 10. Ng3 a5 11. Qf3 Bb7 12. Nh5 Nxh5 13. Qxh5 Qd7 14. f5 Bf6
15. Bg5 Bxg5 16. Qxg5 f6 17. Qh4 d5 18. Rad1 c6 19. Rf3 Qf7 20. Rh3 h6 21. Qg4
Kh7 22. exd5 cxd5 23. Nb5 Qe7 24. Nd4 Qe4 25. Qg6+ Kh8 26. Ne6 Rg8 27. Rxh6+
1-0

[Event "FIDE TURNIR 2013"]
[Site "Ljubljana"]
[Date "2013.05.15"]
[Round "5.17"]
[White "Korosec, Stefan"]
[Black "Bogataj, Tomaz"]
[Result "1/2-1/2"]
[WhiteElo "1727"]
[BlackElo "1723"]
[PlyCount "89"]
[EventDate "2013.05.15"]

1. d4 Nf6 2. c4 g6 3. Nc3 d6 4. e4 Bg7 5. Nf3 O-O 6. Be2 e5 7. d5 Nbd7 8. O-O
b6 9. b4 a5 10. b5 Nc5 11. Qc2 Nfxe4 12. Nxe4 Bf5 13. Bd3 Bxe4 14. Bxe4 f5 15.
Nd2 fxe4 16. Nxe4 Nxe4 17. Qxe4 Qf6 18. Bd2 Qf5 19. f3 Qh5 20. Rf2 Bh6 21. Bxh6
Qxh6 22. g3 Qh3 23. Raf1 Rf6 24. Qe3 Raf8 25. f4 exf4 26. Rxf4 Qh6 27. Qe4 Rxf4
28. Rxf4 Rxf4 29. gxf4 Qf8 30. Kg2 Qf6 31. Qe8+ Kg7 32. Qd7+ Qf7 33. Qd8 h6 34.
Kg3 Kh7 35. Qc8 Qg7 36. Qe6 Qc3+ 37. Kg2 h5 38. Qe7+ Qg7 39. Qd8 Qb2+ 40. Kg3
Qc3+ 41. Kg2 Qg7 42. a4 Qf7 43. Kg3 Qg7 44. Kg2 Qb2+ 45. Kg3 1/2-1/2

[Event "FIDE TURNIR 2013"]
[Site "Ljubljana"]
[Date "2013.05.15"]
[Round "5.18"]
[White "Trplan, Filip"]
[Black "Straze, Jurij"]
[Result "1-0"]
[WhiteElo "1324"]
[BlackElo "1353"]
[PlyCount "133"]
[EventDate "2013.05.15"]

1. e4 c6 2. Nc3 Nf6 3. Nf3 d6 4. Be2 e5 5. O-O Be7 6. d3 O-O 7. Be3 Be6 8. Nd2
d5 9. Bg5 d4 10. Ncb1 Qb6 11. b3 a5 12. a4 Nbd7 13. Na3 Bxa3 14. Rxa3 Qb4 15.
Ra1 b5 16. Bxf6 Nxf6 17. f4 Qd6 18. fxe5 Qxe5 19. Nf3 Qf4 20. Nxd4 Qe3+ 21. Kh1
Qxd4 22. Qd2 Qb6 23. Qg5 h6 24. Qg3 Qc5 25. Bd1 Qc3 26. Rb1 Rab8 27. axb5 cxb5
28. h3 a4 29. bxa4 Ba2 30. Rxb5 Rxb5 31. axb5 Qc5 32. Rf5 Qb6 33. Qf2 Qd6 34.
e5 Ne4 35. exd6 Nxf2+ 36. Rxf2 Rd8 37. c4 Bb1 38. Rb2 Bxd3 39. c5 Kf8 40. c6
Ke8 41. d7+ Rxd7 42. cxd7+ Kxd7 43. Rd2 Kd6 44. Rxd3+ Kc5 45. Be2 Kxb5 46. Rc3+
Kb4 47. Rc8 Kb3 48. Kg1 Kb2 49. Kf1 Kb1 50. Ke1 Kb2 51. Kd1 Kb3 52. Bg4 Kb4 53.
Bd7 Kb3 54. Kd2 Kb4 55. Kd3 g5 56. g4 f6 57. Kd4 Kb3 58. Rc7 Kb2 59. Kd3 h5 60.
gxh5 f5 61. Bxf5 g4 62. hxg4 Kb1 63. h6 Kb2 64. h7 Kb1 65. h8=Q Ka2 66. Qb8 Ka3
67. Ra7# 1-0

[Event "FIDE TURNIR 2013"]
[Site "Ljubljana"]
[Date "2013.05.15"]
[Round "5.19"]
[White "Novakovic, Gosto"]
[Black "Sketa, Mark"]
[Result "1/2-1/2"]
[WhiteElo "1819"]
[BlackElo "1501"]
[PlyCount "94"]
[EventDate "2013.05.15"]

1. e4 c5 2. Nf3 Nc6 3. d4 cxd4 4. Nxd4 g6 5. c3 Bg7 6. Be3 a6 7. Bd3 e6 8. O-O
Nge7 9. f4 O-O 10. Nd2 b5 11. f5 exf5 12. exf5 Nd5 13. Bf2 Nf4 14. N2f3 Bb7 15.
Ne2 Nxd3 16. Qxd3 Ne5 17. Nxe5 Bxe5 18. Bd4 Qg5 19. Qh3 Rfe8 20. Be3 Bxh2+ 21.
Kxh2 Rxe3 22. Ng3 Rae8 23. Rad1 R8e4 24. Rd4 Rxd4 25. cxd4 Rd3 26. fxg6 hxg6
27. Re1 Qd8 28. Qg4 Qb8 29. Re5 Rd2 30. Ne4 Bxe4 31. Qxe4 Rxd4 32. Qxd4 f6 33.
Qd5+ Kh8 34. Qxd7 Qxe5+ 35. Kh3 Qf5+ 36. Qxf5 gxf5 37. Kg3 Kg7 38. Kf4 Kg6 39.
b4 Kf7 40. Kxf5 Ke7 41. g4 Kf7 42. a3 Ke7 43. Ke4 Ke6 44. Kf4 Kd6 45. Kf5 Ke7
46. Kg6 Ke6 47. Kg7 Ke7 1/2-1/2

[Event "FIDE TURNIR 2013"]
[Site "Ljubljana"]
[Date "2013.05.15"]
[Round "5.20"]
[White "Drobnic, Rok"]
[Black "Marn, Jan"]
[Result "0-1"]
[WhiteElo "1235"]
[BlackElo "1384"]
[PlyCount "74"]
[EventDate "2013.05.15"]

1. e4 e5 2. Nf3 Nc6 3. d4 exd4 4. Bc4 Bb4+ 5. c3 dxc3 6. a3 c2+ 7. axb4 cxd1=Q+
8. Kxd1 Nf6 9. e5 Ne4 10. Re1 Nxf2+ 11. Kc2 O-O 12. Be3 Ng4 13. h3 Nxe3+ 14.
Rxe3 Nxb4+ 15. Kb3 Nc6 16. Nc3 Qe7 17. g4 Qb4+ 18. Ka2 Qa5+ 19. Kb1 Qc5 20. Re4
Re8 21. Nd5 Rb8 22. Rf4 Nxe5 23. Ba2 Nd3 24. Rc4 Qxd5 25. Rd4 Qxf3 26. Kc2 Re2+
27. Kc3 Nc1+ 28. Kc4 Rc2+ 29. Kb4 Nxa2+ 30. Rxa2 c5+ 31. Ka4 cxd4 32. Kb4 b6
33. Rxa7 Rxb2+ 34. Kc4 Qc3+ 35. Kd5 Bb7+ 36. Kd6 Qc6+ 37. Ke7 Re2# 0-1

[Event "FIDE TURNIR 2013"]
[Site "Ljubljana"]
[Date "2013.05.22"]
[Round "6.1"]
[White "Bratkovic, Sham"]
[Black "Sajn, Simon"]
[Result "0-1"]
[WhiteElo "1956"]
[BlackElo "2045"]
[PlyCount "136"]
[EventDate "2013.05.22"]

1. e4 c5 2. Nf3 d6 3. d4 cxd4 4. Nxd4 Nf6 5. Nc3 Nc6 6. Bg5 Qa5 7. Bxf6 gxf6 8.
Nb3 Qd8 9. Qh5 Bg7 10. O-O-O f5 11. Bc4 Ne5 12. Bb5+ Bd7 13. Bxd7+ Nxd7 14. Nd5
fxe4 15. Rhe1 Nf6 16. Nxf6+ Bxf6 17. Rxe4 a5 18. Qf3 Kf8 19. Rd3 Qb6 20. Nd4 a4
21. Qe3 Qc5 22. Qh6+ Bg7 23. Ne6+ fxe6 24. Rf3+ Ke8 25. Qxg7 Kd7 26. Qg4 Qd5
27. Rxa4 Rhg8 28. Qf4 Rxg2 29. b3 b5 30. Rd3 Rxa4 31. bxa4 Qxa2 32. Qf3 Rg1+
33. Kd2 d5 34. axb5 Qa5+ 35. Rc3 Qxb5 36. Qf4 Qa5 37. Qe5 Rg4 38. Kd3 Re4 39.
Qb8 Qa6+ 40. Kd2 Rd4+ 41. Ke3 Rc4 42. Rb3 Rc7 43. Kd2 Qc4 44. c3 Qf4+ 45. Ke1
Qc1+ 46. Ke2 Qc2+ 47. Kf1 Rxc3 48. Qb7+ Rc7 49. Qb5+ Kd6 50. Qb6+ Kd7 51. Qb5+
Kd8 52. Qb8+ Rc8 53. Qb6+ Kd7 54. Qb5+ Qc6 55. Qxc6+ Kxc6 56. Rh3 Rh8 57. Rh6
Kd6 58. f4 Rf8 59. Rxh7 Rxf4+ 60. Ke2 e5 61. Rh6+ Rf6 62. Rh5 Ke6 63. Ke3 Rg6
64. Rh7 Kf6 65. Kf3 e4+ 66. Ke3 e5 67. Rh8 Kf5 68. Rf8+ Rf6 0-1

[Event "FIDE TURNIR 2013"]
[Site "Ljubljana"]
[Date "2013.05.22"]
[Round "6.2"]
[White "Vidic, Teja"]
[Black "Bratkovic, Jakob"]
[Result "0-1"]
[WhiteElo "1894"]
[BlackElo "1949"]
[PlyCount "42"]
[EventDate "2013.05.22"]

1. e4 c5 2. Nf3 Nc6 3. d4 cxd4 4. Nxd4 e5 5. Nb5 d6 6. N1c3 a6 7. Na3 Be7 8.
Nd5 Nf6 9. Nxf6+ Bxf6 10. Be2 Be6 11. c4 Bg5 12. Nc2 Bxc1 13. Rxc1 Qa5+ 14. Qd2
Qxa2 15. Qxd6 Rd8 16. Qc5 Qxb2 17. O-O Ne7 18. Rcd1 Rc8 19. Qd6 Qxc2 20. Rd2
Qa4 21. Rfd1 Nc6 0-1

[Event "FIDE TURNIR 2013"]
[Site "Ljubljana"]
[Date "2013.05.21"]
[Round "6.3"]
[White "Kamensek, Ivan"]
[Black "Unuk, Robert"]
[Result "1-0"]
[WhiteElo "1725"]
[BlackElo "1458"]
[PlyCount "39"]
[EventDate "2013.05.22"]

1. d4 Nf6 2. c4 e6 3. Nc3 Bb4 4. Qc2 O-O 5. Nf3 d5 6. Bg5 dxc4 7. e4 Be7 8.
Bxc4 Nc6 9. Rd1 Na5 10. Bd3 Nc6 11. Bxf6 Nb4 12. Qb1 Nxd3+ 13. Rxd3 Bxf6 14.
O-O b6 15. e5 Be7 16. Re1 Bb7 17. Ne4 Bd5 18. Nfd2 Qd7 19. Rh3 Qa4 20. Nf6+ 1-0

[Event "FIDE TURNIR 2013"]
[Site "Ljubljana"]
[Date "2013.05.22"]
[Round "6.4"]
[White "Unuk, Laura"]
[Black "Drobnic, Milan"]
[Result "1-0"]
[WhiteElo "2008"]
[BlackElo "1789"]
[PlyCount "79"]
[EventDate "2013.05.22"]

1. Nf3 Nf6 2. c4 e6 3. Nc3 b6 4. g3 Bb7 5. Bg2 Bb4 6. O-O O-O 7. d4 Bxc3 8.
bxc3 d6 9. Nd2 Bxg2 10. Kxg2 c5 11. e4 e5 12. d5 Qc8 13. Qe2 Re8 14. a4 Nbd7
15. h3 Qd8 16. Nb3 h6 17. Qd3 Qe7 18. Be3 Nh7 19. Nd2 Ng5 20. h4 Nh7 21. Rae1
Nhf6 22. Qe2 Nf8 23. f4 exf4 24. Bxf4 Ng6 25. h5 Ne5 26. Rh1 Qd7 27. Ref1 Qg4
28. Qxg4 Nfxg4 29. Rh4 Rad8 30. Kh3 Rd7 31. Rxg4 Nxg4 32. Kxg4 Kh7 33. Re1 f6
34. Kf5 Kg8 35. Nf3 Kf7 36. Nh4 Ke7 37. Kg6 Kd8 38. Nf5 Kc7 39. Nxd6 Rxd6 40.
Kxg7 1-0

[Event "FIDE TURNIR 2013"]
[Site "Ljubljana"]
[Date "2013.05.22"]
[Round "6.5"]
[White "Trcek, Alojzij"]
[Black "Susa, Maks"]
[Result "1-0"]
[WhiteElo "1657"]
[BlackElo "1376"]
[PlyCount "77"]
[EventDate "2013.05.22"]

1. d4 Nf6 2. c4 c5 3. Nf3 g6 4. Nc3 b6 5. d5 d6 6. e4 Nbd7 7. Bd3 Bg7 8. O-O
O-O 9. Re1 Ng4 10. h3 Nge5 11. Bf4 Ba6 12. Bxe5 Nxe5 13. Nxe5 Bxe5 14. Qc2 Qc7
15. Ne2 Bc8 16. f4 Bg7 17. f5 Bd7 18. Rf1 Rae8 19. Rf3 Be5 20. Raf1 e6 21. f6
h6 22. Qd2 Kh7 23. Kh1 Rh8 24. Bb1 Reg8 25. Nc1 g5 26. Nd3 Bd4 27. e5 h5 28.
exd6 Qxd6 29. Ne5+ Rg6 30. Bxg6+ fxg6 31. Nf7 Qf8 32. Nxg5+ Kg8 33. b4 e5 34.
b5 Bf5 35. f7+ Kg7 36. Rxf5 Qe7 37. Ne6+ Kh7 38. f8=N+ Kg8 39. Nxg6 1-0

[Event "FIDE TURNIR 2013"]
[Site "Ljubljana"]
[Date "2013.05.22"]
[Round "6.6"]
[White "Novak, Anze"]
[Black "Cop, Jaka"]
[Result "0-1"]
[WhiteElo "1500"]
[BlackElo "1703"]
[PlyCount "78"]
[EventDate "2013.05.22"]

1. d4 d5 2. Nf3 Nf6 3. Bf4 c6 4. e3 Bf5 5. Bd3 Bxd3 6. Qxd3 Nbd7 7. Nbd2 e6 8.
h3 Be7 9. c3 O-O 10. O-O c5 11. Rfe1 Qb6 12. Ne5 Nxe5 13. dxe5 Nd7 14. Nf3 c4
15. Qc2 Nc5 16. Bg3 Nd3 17. Reb1 Qc7 18. Rd1 b5 19. b4 a5 20. a3 Ra6 21. Nd4
Qd7 22. Ra2 Rfa8 23. Rda1 Bd8 24. Ne2 Bc7 25. f4 Bb6 26. Nd4 Bxd4 27. exd4 Qa7
28. bxa5 Rxa5 29. Qb1 Qe7 30. Rc2 h6 31. Kh2 Rxa3 32. Rxa3 Qxa3 33. Qxb5 Qb3
34. Qc6 Rf8 35. Rf2 Nxf2 36. Bxf2 Qxc3 37. Bh4 Qxd4 38. Qb7 Qxf4+ 39. Bg3 Qd4
0-1

[Event "FIDE TURNIR 2013"]
[Site "Ljubljana"]
[Date "2013.05.28"]
[Round "6.8"]
[White "Jelen, Miha"]
[Black "Straze, Matija"]
[Result "0-1"]
[WhiteElo "1544"]
[BlackElo "1588"]
[PlyCount "70"]
[EventDate "2013.05.22"]

1. e4 d6 2. d4 Nf6 3. Nc3 g6 4. Nf3 Bg7 5. Be3 O-O 6. Be2 Nbd7 7. O-O c5 8. Qd2
a6 9. a4 b6 10. d5 Rb8 11. Bh6 b5 12. Bxg7 Kxg7 13. axb5 axb5 14. Qf4 b4 15.
Nb5 Bb7 16. Rfe1 Ra8 17. Bd3 Rxa1 18. Rxa1 Qb6 19. b3 Ba6 20. Nc3 Bxd3 21. Na4
Qb5 22. cxd3 Qxd3 23. Nd2 Ne5 24. h3 Ra8 25. Kh2 Qd4 26. Rf1 c4 27. Qe3 Qxe3
28. fxe3 c3 29. Nf3 Nxe4 30. Nxe5 dxe5 31. Rc1 Rd8 32. Nb6 Nc5 33. Rb1 Nxb3 34.
Rxb3 c2 35. Rxb4 c1=Q 0-1

[Event "FIDE TURNIR 2013"]
[Site "Ljubljana"]
[Date "2013.05.22"]
[Round "6.9"]
[White "Piciga, Aleksander"]
[Black "Pridigar, Lovro"]
[Result "0-1"]
[WhiteElo "1368"]
[BlackElo "1558"]
[PlyCount "68"]
[EventDate "2013.05.22"]

1. e4 c5 2. f4 d6 3. Nf3 Nf6 4. Nc3 a6 5. Bc4 e6 6. d3 b5 7. Bb3 Be7 8. O-O
Nbd7 9. Be3 O-O 10. Qe1 Bb7 11. a4 b4 12. Ne2 a5 13. Ng3 Nb6 14. f5 d5 15. Nd2
Rc8 16. Qf2 Ng4 17. Qf3 Nxe3 18. Qxe3 c4 19. dxc4 Bc5 20. Qxc5 Rxc5 21. cxd5
exd5 22. exd5 Nxd5 23. Nde4 Rc7 24. Rad1 Rd7 25. Kh1 Ne3 26. Rxd7 Qxd7 27. Re1
Ng4 28. Nc5 Qd4 29. Nd3 Nf2+ 30. Nxf2 Qxf2 31. Rg1 Rd8 32. Bc4 Rd2 33. Bf1 Rd6
34. b3 Qxg3 0-1

[Event "FIDE TURNIR 2013"]
[Site "Ljubljana"]
[Date "2013.05.22"]
[Round "6.10"]
[White "Milicevic, David"]
[Black "Siraj, Anej"]
[Result "1-0"]
[WhiteElo "1660"]
[BlackElo "1460"]
[PlyCount "81"]
[EventDate "2013.05.22"]

1. d4 d5 2. c4 e6 3. Nc3 Nf6 4. Nf3 Bb4 5. e3 O-O 6. Bd2 c6 7. a3 Bxc3 8. Bxc3
Nbd7 9. Be2 dxc4 10. Bxc4 b5 11. Bd3 Bb7 12. b4 Nd5 13. Bb2 a5 14. Qb3 axb4 15.
axb4 Rxa1+ 16. Bxa1 Qa8 17. O-O Qa7 18. Bb2 Ra8 19. Bb1 Qa4 20. Qd3 g6 21. Bc2
Qxb4 22. Rb1 Qe7 23. e4 Nb4 24. Qc3 Nxc2 25. d5 f6 26. dxc6 Rc8 27. Qxc2 Rxc6
28. Qb3 Qc5 29. h3 Qc4 30. Qa3 Qxe4 31. Re1 Qd5 32. Qe7 e5 33. Bc1 Qf7 34. Qd8+
Kg7 35. Rd1 Nc5 36. Be3 Rc8 37. Qd6 Ne4 38. Qd7 Nc3 39. Bh6+ Kg8 40. Qxc8+ Bxc8
41. Rd8+ 1-0